Henry huggins / (Record no. 30467)

MARC details
000 -LEADER
fixed length control field 03506nam a22004337a 4500
005 - DATE AND TIME OF LATEST TRANSACTION
control field 20090119114350.0
008 - FIXED-LENGTH DATA ELEMENTS--GENERAL INFORMATION
fixed length control field 090119t xxu||||| |||| 00| 0 eng d
010 ## - LCCN (DPL NO)
LC control number B-357762
020 ## - INTERNATIONAL STANDARD BOOK NUMBER
International Standard Book Number 9780380709120
Terms of availability 154.80
020 ## - INTERNATIONAL STANDARD BOOK NUMBER
International Standard Book Number 0380709120
Terms of availability 154.80
035 ## - SYSTEM CONTROL NUMBER
System control number B-357762
035 ## - SYSTEM CONTROL NUMBER
System control number B-345620-632
037 ## - SOURCE OF ACQUISITION
Source of stock number/acquisition Tarun Books (vendor)
040 ## - CATALOGING SOURCE
Original cataloging agency dpl
Language of cataloging English
082 ## - DEWEY DECIMAL CLASSIFICATION NUMBER
Classification number S
100 ## - MAIN ENTRY--PERSONAL NAME
Personal name Cleary, Beverly
245 ## - TITLE STATEMENT
Title Henry huggins /
Statement of responsibility, etc by Beverly Clearly; illustrated by Tracy Dockray
260 ## - PUBLICATION, DISTRIBUTION, ETC. (IMPRINT)
Place of publication, distribution, etc New York
Name of publisher, distributor, etc Harper Collins Publishers
Date of publication, distribution, etc 2007
270 ## - ADDRESS
Address 1350 Avenue of the Americas
City New York
Postal code NY 10019
300 ## - PHYSICAL DESCRIPTION
Extent 175, 11p.:
Other physical details ill.
Dimensions 20cm(pbk)
700 ## - ADDED ENTRY--PERSONAL NAME
Personal name Dockray, Tracy
942 ## - ADDED ENTRY ELEMENTS (KOHA)
Source of classification or shelving scheme Dewey Decimal Classification
Item type Children Books
Classification part S
Call number suffix CLE
Holdings
Withdrawn status Lost status Source of classification or shelving scheme Damaged status Not for loan Collection code Home library Current library Date acquired Source of acquisition Cost, normal purchase price Total Checkouts Total Renewals Full call number Barcode Date last seen Copy number Cost, replacement price Koha item type
  Written-off vide DLB M. No. 383 dt 16.05.19 Dewey Decimal Classification     Fiction Bawana Bawana 12/10/2009 Tarun Books/3947/21.5.09/13/23.4.09/4.7.09 154.80     S CLE B-345631 12/10/2009 1 154.80 Children Books
    Dewey Decimal Classification     Fiction Central Library Central Library 12/10/2009 Tarun Books/3947/21.5.09/13/23.4.09/4.7.09 154.80     S CLE B-345623 12/10/2009 1 154.80 Children Books
Withdrawn   Dewey Decimal Classification     Fiction Janak Puri Janak Puri 18/09/2009 Tarun Books/4121/9.9.09/89/2.9.09/11.9.09 154.80 13 1 S CLE B-357762 27/05/2014 1 154.80 Children Books
    Dewey Decimal Classification     Fiction Karol Bagh Karol Bagh 12/10/2009 Tarun Books/3947/21.5.09/13/23.4.09/4.7.09 154.80     S CLE B-345629 12/10/2009 1 154.80 Children Books
    Dewey Decimal Classification     Fiction Kasturba Gandhi Marg Kasturba Gandhi Marg 12/10/2009 Tarun Books/3947/21.5.09/13/23.4.09/4.7.09 154.80 1 1 S CLE B-345625 21/01/2021 1 154.80 Children Books
    Dewey Decimal Classification     Fiction Mobile Library Mobile Library 12/10/2009 Tarun Books/3947/21.5.09/13/23.4.09/4.7.09 154.80     S CLE B-345620 12/10/2009 2 154.80 Children Books
    Dewey Decimal Classification     Fiction Mobile Library Mobile Library 12/10/2009 Tarun Books/3947/21.5.09/13/23.4.09/4.7.09 154.80     S CLE B-345621 12/10/2009 2 154.80 Children Books
    Dewey Decimal Classification     Fiction Narela Narela 12/10/2009 Tarun Books/3947/21.5.09/13/23.4.09/4.7.09 154.80     S CLE B-345630 12/10/2009 1 154.80 Children Books
  Written-off vide DLB M. No. 383 dt 16.05.19 Dewey Decimal Classification     Fiction New Police Line New Police Line 12/10/2009 Tarun Books/3947/21.5.09/13/23.4.09/4.7.09 154.80     S CLE B-345622 12/10/2009 1 154.80 Children Books
Withdrawn   Dewey Decimal Classification     Fiction Patel Nagar Patel Nagar 12/10/2009 Tarun Books/3947/21.5.09/13/23.4.09/4.7.09 154.80     S CLE B-345624 12/10/2009 1 154.80 Children Books
    Dewey Decimal Classification     Fiction Peshwa Road Peshwa Road 12/10/2009 Tarun Books/3947/21.5.09/13/23.4.09/4.7.09 154.80     S CLE B-345626 12/10/2009 1 154.80 Children Books
    Dewey Decimal Classification     Fiction Sarojini Nagar Sarojini Nagar 12/10/2009 Tarun Books/3947/21.5.09/13/23.4.09/4.7.09 154.80     S CLE B-345627 12/10/2009 1 154.80 Children Books
    Dewey Decimal Classification     Fiction Shahdara Branch Shahdara Branch 12/10/2009 Tarun Books/3947/21.5.09/13/23.4.09/4.7.09 154.80 1   S CLE B-345632 26/03/2019 1 154.80 Children Books
    Dewey Decimal Classification     Fiction Vinoba Puri Vinoba Puri 12/10/2009 Tarun Books/3947/21.5.09/13/23.4.09/4.7.09 154.80 6   S CLE B-345628 10/04/2013 1 154.80 Children Books

© Delhi Public Library
Hit Counter
free hit counter